| 000 | 00754cam a2200265 4500 | ||
|---|---|---|---|
| 008 | 090401t1998 xxu||||| |||| 00| 0 eng d | ||
| 020 | _a1860812449 | ||
| 035 | _a(Sirsi) u92054 | ||
| 041 | _aeng | ||
| 050 | _a693.4 | ||
| 100 | _aCollins, R. J. | ||
| 245 | _aBlocks with recycled aggregate : beam-and-block floors. | ||
| 260 |
_aLondon _bConstruction Research Communications Ltd _c1998 |
||
| 300 | _a5p. : ill. ; 30cm. | ||
| 350 | _a0 | ||
| 490 |
_aBRE Information Paper _vIP 14/98 |
||
| 650 | _aCONCRETE BLOCKS | ||
| 650 | _aRECYCLED AGGREGATES | ||
| 690 | _aBUILT ENVIRONMENT-BUILDING MATERIALS | ||
| 700 | _aHarris, D.J. | ||
| 700 | _aSparkes, W. | ||
| 710 | _aBuilding Research Establishment | ||
| 942 | _n0 | ||
| 948 | _c15/03/1999 | ||
| 999 |
_c97712 _d97712 |
||